000 00457nam a2200181Ia 4500
999 _c33169
_d33169
003 OSt
005 20260430142415.0
008 210215s9999 xx 000 0 und d
020 _a9789388108478
040 _cMUIT
082 _a615.1901
_bBAR-T
_21ST
100 _aBARI, SANJAYKUMAR
245 0 _aTEXTBOOK OF PHARMACEUTICAL ANALYSIS-1
250 _a1ST
260 _bCBS PUBLISERS & DISTRIBUTORS
_aNEW DELHI
_c2019
300 _a144
942 _cBK
_2ddc